|
|
|
|
| LEADER |
01288nam a22003494a 4500 |
| 001 |
36131 |
| 003 |
BD-DhAAL |
| 005 |
20211130121042.0 |
| 008 |
190929t2004 maua b 001 0 eng d |
| 999 |
|
|
|c 41459
|d 41459
|
| 010 |
|
|
|a 2003062343
|
| 020 |
|
|
|a 0205389333
|
| 020 |
|
|
|a 9780205389339
|
| 040 |
|
|
|a DLC
|c DLC
|d DLC
|d BD-DhAAL
|
| 042 |
|
|
|a pcc
|
| 050 |
0 |
0 |
|a LB1025.3
|b .W56 2004
|
| 082 |
0 |
0 |
|a 371.102
|2 22
|
| 100 |
1 |
|
|a Wink, Joan.
|9 35568
|
| 245 |
1 |
0 |
|a Teaching passionately :
|b what's love got to do with it? /
|c Joan Wink, Dawn Wink.
|
| 260 |
|
|
|a Boston :
|b Pearson/A and B,
|c c2004.
|
| 300 |
|
|
|a xxi, 198 pages :
|b illustrations ;
|c 23 cm.
|
| 504 |
|
|
|a Includes bibliographical references (pages 187-193) and index.
|
| 526 |
|
|
|a BIED
|
| 541 |
|
|
|a Complimentary copy from BIED
|e 36131
|
| 650 |
|
0 |
|a Teaching.
|9 35569
|
| 650 |
|
0 |
|a Teachers
|x Professional relationships.
|9 35570
|
| 650 |
|
0 |
|a Critical pedagogy.
|9 35571
|
| 650 |
|
0 |
|a Education.
|9 35572
|
| 700 |
1 |
|
|a Wink, Dawn.
|9 35573
|
| 852 |
|
|
|a Ayesha Abed Library
|c BIED Collection
|
| 942 |
|
|
|2 ddc
|c BK
|
| 952 |
|
|
|0 0
|1 0
|2 ddc
|4 0
|6 371_102000000000000_WIN
|7 0
|9 66567
|a BRACUL
|b BRACUL
|c GEN
|d 2019-09-29
|e Complimentary copy from BIED
|l 0
|o 371.102 WIN
|p 3010036131
|r 2019-09-29
|t 1
|w 2019-09-29
|y BK
|x Transferred from BIED to General Stacks
|